Comparison of effect of ADD on therapy of sitagliptin versus pioglitazone in patients of type 2 diabetes mellitus inadequately controlled on metformin alone (Record no. 880250)
[ view plain ]
| 000 -LEADER | |
|---|---|
| fixed length control field | 01076nam a2200289Ia 4500 |
| 003 - CONTROL NUMBER IDENTIFIER | |
| control field | OSt |
| 005 - DATE AND TIME OF LATEST TRANSACTION | |
| control field | 20220930090233.0 |
| 008 - FIXED-LENGTH DATA ELEMENTS--GENERAL INFORMATION | |
| fixed length control field | 220926b |||||||| |||| 00| 0 eng d |
| 037 ## - SOURCE OF ACQUISITION | |
| Terms of availability | Theses |
| 040 ## - CATALOGING SOURCE | |
| Original cataloging agency | CRL |
| Transcribing agency | CRL |
| Language of cataloging | eng |
| 041 ## - LANGUAGE CODE | |
| Source of code | eng |
| Language code of text/sound track or separate title | eng |
| 100 ## - MAIN ENTRY--PERSONAL NAME | |
| Personal name | Kaushik Nitin |
| 9 (RLIN) | 542146 |
| 110 ## - MAIN ENTRY--CORPORATE NAME | |
| Corporate name or jurisdiction name as entry element | University of Delhi. Faculty of Medical Sciences. Department of Pharmacology |
| 9 (RLIN) | 522434 |
| 245 #0 - TITLE STATEMENT | |
| Title | Comparison of effect of ADD on therapy of sitagliptin versus pioglitazone in patients of type 2 diabetes mellitus inadequately controlled on metformin alone |
| 260 ## - PUBLICATION, DISTRIBUTION, ETC. | |
| Date of publication, distribution, etc. | 2010 |
| 300 ## - PHYSICAL DESCRIPTION | |
| Extent | 107p. |
| -- | p. |
| Dimensions | cm. |
| 650 ## - SUBJECT ADDED ENTRY--TOPICAL TERM | |
| Topical term or geographic name entry element | PHARMACOLOGY |
| 700 ## - ADDED ENTRY--PERSONAL NAME | |
| Personal name | Dr. Alpana Saxena Gu. |
| 9 (RLIN) | 536924 |
| 700 ## - ADDED ENTRY--PERSONAL NAME | |
| Personal name | Dr. N. P. Singh Gu. |
| 9 (RLIN) | 525771 |
| 700 ## - ADDED ENTRY--PERSONAL NAME | |
| Personal name | Dr. Shalini Chawla Gu. |
| 9 (RLIN) | 541575 |
| 700 ## - ADDED ENTRY--PERSONAL NAME | |
| Personal name | University of Delhi. Faculty of Medical Sciences. Department of Pharmacology |
| 9 (RLIN) | 522436 |
| 942 ## - ADDED ENTRY ELEMENTS (KOHA) | |
| Koha item type | Dissertations |
| Source of classification or shelving scheme | Colon Classification (CC) |
No items available.
